00725nam a2200229Ia 45000010006000000050017000060070003000230080041000260400025000670410008000920820021001001000019001212450071001402500014002112600047002253000019002726530030002916530014003219420012003359520131003479990017004782659120240114000931.0ta060512s1923 g b000 u 465 u aCotton College,Assam a465 a823.109bC 547 M aClark, Glenn . 0aA Manual of the Short Story Art /cGlenn Clark.hTextual Documents a1st ed. / aNew York :bThe Macmillan Company ,c1923. a252p. ;c17cm. aEnglish fiction-Criticism aG-English 2ddccBK 001040708Circulation (G)aSKBLbSKBLd2012-02-01f00000l0o823.109 C 547 Mp82/Engr2024-01-14 00:00:00t1w2012-02-01yBK c26573d26573